| 000 | 01284nam a22002777a 4500 | ||
|---|---|---|---|
| 001 | 2278 | ||
| 003 | FISKH | ||
| 005 | 20231114145550.0 | ||
| 008 | 231114b cb ||||| |||| 00| 0 eng d | ||
| 020 | _a0241105269 | ||
| 020 | _a9780241105269 | ||
| 040 |
_aFISKH _beng _cFISKH _dFISKH |
||
| 050 | _aPZ7.R8854 | ||
| 082 | _a823.9I | ||
| 100 | _aRuffell, Ann | ||
| 245 |
_aThe horse tree / _cby Ann Ruffell ; illustrated by Sally Holmes |
||
| 260 |
_aLondon : _bHamish Hamilton, _c1980. |
||
| 300 |
_a94 pages : _billustrations ; _c19 cm |
||
| 505 | _aP | ||
| 520 | _aEvery day on their way home from school Jennifer and her bossy friend Mary play on the horse tree, an old apple tree in the ground of a long - ruined mansion. When a new housing estate is build in the grounds Jennifer and Mary wonder what will happen to their tree, and whether they will still be allowed to play on it. The tree survives the new building but Mary and Jennifer stop being friends. Jennifer, playing in the horse tree by herself, finds a special hiding place in it and through that - a new friend. | ||
| 521 | 8 |
_a640
_bLexile estimate |
|
| 521 | 8 |
_aP
_bRaz-Plus |
|
| 650 |
_2Tree _aHorse _vJuvenile literature |
||
| 700 |
_aHolmes, Sally _eillustrator |
||
| 942 |
_2ddc _cBK _n0 |
||
| 999 |
_c2278 _d2278 |
||